[Event "S67039 Gustafson Memorial Open"]
[Site "CCLA"]
[Date "2016.11.20"]
[Round "?"]
[White "Stroup, Jim"]
[Black "Jarmuz, Frederick"]
[Result "0-1"]
[WhiteElo "2058"]
[BlackElo "1965"]

1. e4 c5 2. Nf3 d6 3. d4 Nf6 4. Nc3 cxd4 5. Nxd4 a6 6. Bg5 e6 7. f4 h6 8. 
Bh4 Qb6 9. Bxf6 gxf6 10. Qd2 Qxb2 11. Rb1 Qa3 12. Be2 Nc6 13. Nxc6 bxc6 
14. O-O Be7 15. Kh1 Qa5 16. f5 h5 17. Qe3 h4 18. Bg4 Rg8 19. h3 Qe5 20. 
Ne2 d5 21. Nf4 exf5 22. Qb6 Qd6 23. Bxf5 Bxf5 24. exf5 Kf8 25. Qb7 Re8 26.
 Qxa6 Bd8 27. Rb3 Bc7 28. Rbf3 Rg5 29. Qd3 Re4 30. Qa6 Rc4 31. Qa8+ Kg7 
32. c3 Qe5 33. Qc8 Ra4 34. Qd7 Rxf5 35. g3 hxg3 36. Rxg3+ Kf8 37. Rfg1 Rg5
38. Qc8+ Ke7 39. Nd3 Qe4+ 40. R3g2 Kd6 41. Qf8+ Qe7 42. Qxe7+ Kxe7 43. Nb4
Rh5 44. Re2+ Kf8 45. Kg2 d4 46. Nd3 dxc3 47. Rc2 Bb6 48. Rb1 Rg5+ 49. Kf3 
Rf5+ 50. Kg3 Bc7+ 51. Kg2 Rg5+ 52. Kf2 Ba5 53. Kf3 Rh5 54. Nf2 Rf5+ 55. 
Ke3 Ke7 56. Ng4 Raf4 57. Ke2 Rh5 58. Ke3 Bc7 59. Nf2 Be5 60. Re1 Ke6 61. 
Rh1 f5 62. Nd3 Re4+ 63. Kf3 Reh4 64. Kg2 Bd4 65. Nc1 Rf4 66. h4 Rfxh4 67. 
Rxh4 Rxh4 68. Kg3 Rh1 69. Ne2 Be5+ 70. Kf2 Rh2+ 71. Kf1 Kf6 72. Kg1 Rh3 
73. Kg2 Rd3 74. Kf2 Rd2 75. Rc1 f4 76. Kf3 Rd3+ 77. Kg4 c5 78. Rg1 c2 79. 
Rc1 f3 80. Nf4 Bxf4 81. Rxc2 Be5 82. Rf2 Kg6 83. Rxf3 f5+ 84. Kh3 Rxf3+ 
85. Kg2 Rf4 86. a4 Bc7 87. a5 Bxa5 88. Kg3 Kg5 89. Kh2 c4 90. Kg3 c3 91. 
Kg2 Kg4 92. Kh2 Kf3 93. Kh3 Kf2 94. Kh2 Rh4# 0-1

[Event "S60201 Summer Series"]
[Site "CCLA"]
[Date "2016.07.31"]
[Round "?"]
[White "Clancey, James"]
[Black "Edwards, Ken"]
[Result "0-1"]
[WhiteElo "2039"]
[BlackElo "2287"]

1. e4 c5 2. Nf3 d6 3. d4 cxd4 4. Nxd4 Nf6 5. Nc3 a6 6. Bg5 e6 7. f4 Qb6 8.
 Qd2 Qxb2 9. Rb1 Qa3 10. e5 dxe5 11. fxe5 Nfd7 12. Ne4 h6 13. Bh4 Qxa2 14.
 Rd1 Qd5 15. Qe3 Qxe5 16. Be2 Bc5 17. Bg3 Bxd4 18. Rxd4 Qa5+ 19. Rd2 O-O 
20. Bd6 Rd8 21. Qg3 Nc6 22. O-O f5 23. Bc7 Qb4 24. Bxd8 Nxd8 25. Rxd7 Bxd7
26. Nf6+ Kh8 27. Nxd7 Qd4+ 28. Kh1 Qxd7 29. Rd1 Qe7 0-1

[Event "S60201 Summer Series"]
[Site "CCLA"]
[Date "2016.07.31"]
[Round "?"]
[White "Quirk, Michael"]
[Black "Edwards, Ken"]
[Result "0-1"]
[WhiteElo "2166"]
[BlackElo "2287"]

1. e4 c5 2. Nf3 d6 3. d4 cxd4 4. Nxd4 Nf6 5. Nc3 a6 6. Bg5 e6 7. f4 Qb6 8.
 Qd2 Qxb2 9. Rb1 Qa3 10. e5 dxe5 11. fxe5 Nfd7 12. Ne4 h6 13. Bh4 Qxa2 14.
 Rd1 Qd5 15. Qe3 Qxe5 16. Be2 Bc5 17. Bg3 Bxd4 18. Rxd4 Qa5+ 19. Rd2 O-O 
20. Bd6 Rd8 21. g4 Qb6 22. Qg3 Nc6 23. g5 hxg5 24. Qxg5 Qa5 25. Qxa5 Nxa5 
26. Bc7 Nc6 27. Rg1 Rf8 28. Rxd7 Bxd7 29. Nf6+ Kh8 30. Rg4 g5 31. Nxd7 Rg8
32. Bf3 f5 33. Bxc6 fxg4 34. Be5+ Rg7 35. Nb6 Rf8 36. Bxb7 a5 37. c4 Rf5 
38. Bxg7+ Kxg7 39. Ke2 Kf6 40. c5 Ke7 41. c6 Kd6 42. Kd3 Rf3+ 43. Ke2 Rh3 
44. Nc4+ Kc7 45. Nxa5 Rxh2+ 46. Kf1 Rc2 47. Nb3 e5 48. Kg1 g3 49. Ba6 Kxc6
50. Bd3 Rb2 51. Nc1 Kc5 52. Bf1 Kd4 53. Ne2+ Ke3 54. Nxg3 Kf3 55. Nf5 Rd2 
56. Bc4 e4 57. Bb3 e3 58. Kf1 Kf4 59. Ne7 Rf2+ 60. Ke1 g4 61. Bd5 g3 0-1

[Event "S60189 Regular Quad"]
[Site "CCLA"]
[Date "2016.07.31"]
[Round "?"]
[White "Martindale, Roger"]
[Black "Acosta, Errol"]
[Result "0-1"]
[WhiteElo "1190"]
[BlackElo "1490"]

1. e4 e6 2. a3 c5 3. c4 d5 4. cxd5 exd5 5. Nc3 d4 6. Nd5 Nf6 7. Qf3 Nxd5 
8. exd5 Bd6 9. d3 O-O 10. h3 Re8+ 11. Ne2 Na6 12. g4 Qh4 13. Bf4 Bxf4 14. 
Qxf4 f5 15. O-O-O fxg4 16. Bg2 Rxe2 17. d6 Rxf2 18. Bd5+ Kh8 19. Qe4 Bf5 
20. Qe7 Qxe7 21. dxe7 Nc7 22. Bxb7 Rb8 23. Rhf1 g3 24. Be4 Bxe4 25. dxe4 
Rbxb2 26. e5 Rfc2# 0-1

[Event "S60031 Winter Series"]
[Site "CCLA"]
[Date "2016.01.28"]
[Round "?"]
[White "Abbey, William"]
[Black "Ragan, Anthony"]
[Result "1-0"]
[WhiteElo "2062"]
[BlackElo "1822"]

1. e4 e6 2. b3 d5 3. Bb2 dxe4 4. Nc3 Nf6 5. Qe2 Be7 6. Nxe4 O-O 7. O-O-O 
a5 8. a4 Nc6 9. Nxf6+ Bxf6 10. Nf3 Bxb2+ 11. Kxb2 Nb4 12. Qe4 Bd7 13. Ne5 
Bc6 14. Nxc6 bxc6 15. Qe5 Qe7 16. Bc4 Nd5 17. Rhe1 Qh4 18. f3 Rfd8 19. 
Bxd5 cxd5 20. Qxc7 Rdc8 21. Qe5 Rc6 22. d4 Rac8 23. Re2 Qe7 24. Rd3 Qb4 
25. f4 f6 26. Qe3 f5 27. h3 Qd6 28. g4 Qc7 29. Qf2 fxg4 30. hxg4 Rf8 31. 
Rf3 Qd7 32. f5 exf5 33. Rxf5 Rxf5 34. gxf5 Rf6 35. Re5 1-0

[Event "S60019 Regular Quad"]
[Site "CCLA"]
[Date "2016.01.27"]
[Round "?"]
[White "Acosta, Errol"]
[Black "Williams, Rufus H."]
[Result "0-1"]
[WhiteElo "1490"]
[BlackElo "1375"]

1. e4 e6 2. f4 d5 3. e5 Nh6 4. Nf3 Nf5 5. d4 Be7 6. Bd3 O-O 7. c3 c5 8. 
O-O Nc6 9. Na3 a6 10. Bc2 cxd4 11. g3 dxc3 12. bxc3 b5 13. Kh1 f6 14. Qd3 
fxe5 15. Nxe5 Nxe5 16. fxe5 Bb7 17. g4 d4+ 18. Kg1 dxc3 19. Qxd8 Bxd8 20. 
gxf5 Bb6+ 21. Rf2 exf5 22. Kf1 Bxf2 23. Kxf2 Be4 24. Ke3 Bxc2 25. Nxc2 
Rfe8 26. Kf4 g6 27. Ba3 Rad8 28. Bd6 Rc8 29. Nb4 Rc4+ 30. Kg5 Kg7 0-1

[Event "S60019 Regular Quad"]
[Site "CCLA"]
[Date "2016.01.27"]
[Round "?"]
[White "Acosta, Errol"]
[Black "Capuzzi, Gabriele"]
[Result "1/2-1/2"]
[WhiteElo "1490"]
[BlackElo "1613"]

1. e4 e6 2. f4 d5 3. c3 dxe4 4. Qa4+ Bd7 5. Qxe4 Bc6 6. Qe2 Nf6 7. Nf3 Bd6
8. d4 O-O 9. Qd1 b5 10. Bd3 Nd5 11. O-O Bxf4 12. Bxf4 Nxf4 13. Bc2 Ng6 14.
 Nbd2 Nd7 15. Ne4 Bxe4 16. Bxe4 Rb8 17. g3 Nf6 18. Bd3 Nd5 19. Qd2 a6 20. 
Rae1 Qd6 21. Ne5 Nf6 22. Rxf6 gxf6 23. Ng4 f5 24. Nf6+ Kg7 25. Nh5+ Kh8 
26. Qh6 Rg8 27. Nf6 Rg7 28. Nh5 Rgg8 29. Nf6 Rg7 1/2-1/2

[Event "S60169 Server NA Class D Ch"]
[Site "CCLA"]
[Date "2016.05.12"]
[Round "?"]
[White "Acosta, Errol"]
[Black "Acebo, Brian"]
[Result "1-0"]
[WhiteElo "1494"]
[BlackElo "1376"]

1. e4 e6 2. f4 b6 3. Nf3 Bb7 4. Nc3 Nc6 5. d4 d6 6. Bc4 Qd7 7. O-O O-O-O 
8. a3 f6 9. d5 exd5 10. Nxd5 Nge7 11. f5 Na5 12. Nxb6+ axb6 13. Be6 1-0

[Event "S67129 Gustafson Memorial Open"]
[Site "CCLA"]
[Date "2016.11.20"]
[Round "?"]
[White "Lyons, Gage W."]
[Black "Martindale, Roger"]
[Result "0-1"]
[WhiteElo "1210"]
[BlackElo "1098"]

1. d4 e6 2. e4 a6 3. Nf3 h6 4. Nc3 Bb4 5. Bd2 d6 6. Bc4 d5 7. a3 Bxc3 8. 
Bxc3 dxc4 9. d5 Ne7 10. O-O O-O 11. dxe6 Bxe6 12. Qe2 f6 13. Rfd1 Nd7 0-1

[Event "S60189 Regular Quad"]
[Site "CCLA"]
[Date "2016.07.31"]
[Round "?"]
[White "Williams, Rufus H."]
[Black "Acosta, Errol"]
[Result "0-1"]
[WhiteElo "1375"]
[BlackElo "1490"]

1. e4 e6 2. d4 d5 3. exd5 exd5 4. Nf3 c6 5. h3 Nf6 6. Nc3 Bb4 7. Bd3 O-O 
8. O-O Re8 9. Ne5 Be6 10. Bg5 h6 11. Bh7+ Kxh7 12. Qd3+ g6 13. Bxh6 Kxh6 
14. Qe3+ Kg7 15. Qg5 Bxc3 16. bxc3 Ne4 17. Qxd8 Rxd8 18. h4 Nxc3 19. Rfe1 
Nd7 20. a3 Nxe5 21. Rxe5 Rh8 22. Re3 Nb5 23. g3 Rae8 24. Kg2 Nd6 25. Rb1 
Nc4 26. Re2 Bh3+ 27. Kxh3 Rxe2 28. a4 Rxf2 29. Rxb7 Ne3 30. Rb3 Nxc2 31. 
Rc3 Nxd4 32. a5 Nf3 0-1

[Event "S60179 Regular Quad"]
[Site "CCLA"]
[Date "2016.05.12"]
[Round "?"]
[White "Williams, Rufus H."]
[Black "Acosta, Errol"]
[Result "1-0"]
[WhiteElo "1375"]
[BlackElo "1490"]

1. d4 e6 2. e4 d5 3. exd5 exd5 4. Nf3 c6 5. c4 Nf6 6. h3 g6 7. Nc3 Bg7 8. 
Bg5 Nbd7 9. Qe2+ Kf8 10. O-O-O Qa5 11. Re1 dxc4 12. Qe7+ Kg8 13. Bxc4 h6 
14. Qxf7+ Kh7 15. Bxf6 Nxf6 16. Re7 Rg8 17. Ne5 Bf5 18. Qxf6 1-0

[Event "S60299 Regular Quad"]
[Site "CCLA"]
[Date "2017.01.07"]
[Round "?"]
[White "Williams, Rufus H."]
[Black "Acosta, Errol"]
[Result "0-1"]
[WhiteElo "1375"]
[BlackElo "1490"]

1. e4 e6 2. d4 d5 3. exd5 exd5 4. Nf3 c6 5. h3 Nf6 6. Be2 Bd6 7. Nc3 O-O 
8. O-O Be6 9. Be3 Nbd7 10. Re1 h6 11. Qd2 Rc8 12. Bxh6 Ne4 13. Nxe4 dxe4 
14. Ng5 gxh6 15. Nxe4 Nf6 16. Qxh6 Nxe4 17. Bd3 Qg5 18. Qxg5+ Nxg5 19. c4 
Rce8 20. b3 Bd7 21. Re3 Rxe3 22. fxe3 f5 23. c5 Bg3 24. Rf1 Ne4 25. Bxe4 
fxe4 26. b4 Rxf1+ 27. Kxf1 Be6 28. Ke2 Bxa2 29. Kd2 Bc4 30. Kd1 Bf1 0-1

[Event "S60061 Winter Series"]
[Site "CCLA"]
[Date "2016.01.28"]
[Round "?"]
[White "Laaman, Thomas"]
[Black "Perry, William E."]
[Result "1/2-1/2"]
[WhiteElo "1633"]
[BlackElo "1493"]

1. e4 e6 2. d4 d5 3. exd5 exd5 4. Bd3 Bd6 5. Nf3 Ne7 6. O-O O-O 7. Re1 Bf5
8. Bg5 f6 9. Bh4 Bxd3 10. Qxd3 c6 11. Nbd2 Na6 12. a3 Nc7 13. Re2 Ng6 14. 
Rae1 Nxh4 15. Nxh4 Re8 16. Nf5 Rxe2 17. Qxe2 Qd7 18. Nxd6 Qxd6 19. Qe7 
Qxe7 20. Rxe7 Nb5 21. Nf3 Rb8 22. c3 Nd6 23. Kf1 Kf8 24. Re2 Re8 25. Nd2 
Rxe2 26. Kxe2 Ke7 27. Kf3 Ke6 28. g4 f5 29. g5 Ne4 1/2-1/2

[Event "S60051 Winter Series"]
[Site "CCLA"]
[Date "2016.01.28"]
[Round "?"]
[White "Laaman, Thomas"]
[Black "Wright, John"]
[Result "1/2-1/2"]
[WhiteElo "1633"]
[BlackElo "1608"]

1. e4 e6 2. d4 d5 3. exd5 exd5 4. Bd3 Nf6 5. Nf3 Bd6 6. Qe2+ Qe7 7. Bg5 
Qxe2+ 8. Bxe2 Ne4 9. O-O Nxg5 10. Nxg5 h6 11. Nf3 O-O 12. Nc3 c6 13. Rfe1 
Be6 14. Bd3 Nd7 15. Re2 Bg4 16. Rae1 Nf6 17. Nd1 Rfe8 18. Rxe8+ Rxe8 19. 
Rxe8+ Nxe8 20. Be2 Nf6 21. h3 Bf5 22. Ne3 Bh7 23. Ne5 Ne4 24. Bd3 f6 25. 
Nf3 1/2-1/2

[Event "S67099 Gustafson Memorial Open"]
[Site "CCLA"]
[Date "2016.11.20"]
[Round "?"]
[White "Buganza, Nathan J."]
[Black "Acosta, Errol"]
[Result "0-1"]
[WhiteElo "1411"]
[BlackElo "1462"]

1. d4 e6 2. e4 d5 3. exd5 exd5 4. Nc3 c6 5. Nf3 Nf6 6. Bd3 Bd6 7. Qe2+ Be7
8. Bg5 O-O 9. Ne5 Bb4 10. Bd2 Bd6 11. O-O Re8 12. Bg5 Nbd7 13. Rfe1 Nxe5 
14. Bxf6 Qxf6 15. dxe5 Bxe5 16. Qd2 Bg4 17. f4 Bxf4 18. Qf2 d4 19. Rxe8+ 
Rxe8 20. Re1 Be3 0-1

[Event "S60169 Server NA Class D Ch"]
[Site "CCLA"]
[Date "2016.05.12"]
[Round "?"]
[White "Williams, Rufus H."]
[Black "Acosta, Errol"]
[Result "0-1"]
[WhiteElo "1326"]
[BlackElo "1494"]

1. e4 e6 2. d4 d5 3. exd5 exd5 4. Nf3 Nf6 5. Nc3 g6 6. Bf4 Bg7 7. Bb5+ c6 
8. Qe2+ Be6 9. Ba4 Na6 10. a3 O-O 11. b4 b5 12. Bb3 Ne4 13. Nxe4 dxe4 14. 
Qxe4 Bxb3 15. cxb3 Qb6 16. O-O Rae8 17. Qd3 Nc7 18. Bxc7 Qxc7 19. Rfe1 h6 
20. h3 f5 21. Rac1 Qb6 22. Rxe8 Rxe8 23. Kf1 Re4 24. d5 cxd5 25. Qxd5+ Kh7
26. Rc8 Re6 27. Qd8 Qxd8 28. Rxd8 Re7 29. Rd2 Rc7 30. Ra2 Rc1+ 31. Ke2 Rb1
32. a4 Rxb3 33. axb5 Rxb4 34. Rxa7 Rxb5 35. Rd7 Rb2+ 36. Nd2 h5 37. h4 Kh6
38. Rd8 Bc3 39. Ke3 f4+ 40. Ke2 Rxd2+ 41. Rxd2 Bxd2 42. Kxd2 g5 43. hxg5+ 
Kxg5 44. f3 Kh4 45. Kd3 Kg3 46. Ke4 Kxg2 47. Kxf4 h4 48. Kg4 h3 49. f4 h2 
50. f5 h1=Q 51. f6 Qh3+ 52. Kg5 Qh7 53. Kg4 Qg6+ 0-1

[Event "S60071 Winter Series"]
[Site "CCLA"]
[Date "2016.01.28"]
[Round "?"]
[White "Rietema, Alexander"]
[Black "Williams, Rufus H."]
[Result "1-0"]
[WhiteElo "1318"]
[BlackElo "1375"]

1. e4 e6 2. d4 d5 3. e5 Bb4+ 4. Bd2 Bxd2+ 5. Qxd2 Nh6 6. Nf3 O-O 7. Be2 c5
8. c3 Nf5 9. O-O c4 10. Na3 a6 11. Nc2 Nc6 12. b3 f6 13. Ne3 fxe5 14. Nxe5
Nxe5 15. dxe5 b5 16. Nxf5 Rxf5 17. Qd4 Qc7 18. f4 Qa7 19. Bg4 Qxd4+ 20. 
cxd4 Rf8 21. Rf3 cxb3 22. axb3 a5 23. g3 b4 24. Rf2 Bd7 25. Rc2 g6 26. Rc5
h6 27. Raxa5 Rxa5 28. Rxa5 Rb8 29. Ra6 Kf7 30. h4 h5 31. Bh3 Ke7 32. Kf2 
Kd8 33. Bxe6 Bxe6 34. Rxe6 Ra8 35. Rb6 Ra2+ 36. Kf3 Rb2 37. Rxb4 Rb1 38. 
Rb5 Ke7 39. b4 Kd7 40. Rxd5+ Kc7 41. b5 Rb3+ 42. Kg2 Kb6 43. e6 Re3 44. 
Re5 Rxe5 45. fxe5 1-0

[Event "S60019 Regular Quad"]
[Site "CCLA"]
[Date "2016.01.27"]
[Round "?"]
[White "Smiley, William R."]
[Black "Williams, Rufus H."]
[Result "1-0"]
[WhiteElo "1563"]
[BlackElo "1375"]

1. e4 e6 2. d4 d5 3. e5 c5 4. Nf3 cxd4 5. Qxd4 Nc6 6. Bb5 Bd7 7. Bxc6 bxc6
8. O-O c5 9. Qd1 c4 10. c3 Bc5 11. b3 cxb3 12. axb3 Ne7 13. Re1 Bxf2+ 14. 
Kxf2 O-O 15. Be3 a6 16. Nbd2 Nf5 17. Nf1 Bb5 18. Bc5 Re8 19. Nd4 Nxd4 20. 
cxd4 Qh4+ 21. Kg1 Rac8 22. Nd2 Ra8 23. Re3 a5 24. Qc2 Bc6 25. Rh3 Qxh3 26.
 gxh3 Ra6 27. Qd3 Raa8 28. Rf1 a4 29. bxa4 Rxa4 30. Qf3 Ra2 31. Qxf7+ 1-0

[Event "S60179 Regular Quad"]
[Site "CCLA"]
[Date "2016.05.12"]
[Round "?"]
[White "Smiley, William R."]
[Black "Acosta, Errol"]
[Result "1-0"]
[WhiteElo "1563"]
[BlackElo "1490"]

1. e4 e6 2. d4 d5 3. e5 c5 4. c3 Nc6 5. Nf3 cxd4 6. cxd4 f6 7. Bb5 Bd7 8. 
O-O Qc7 9. Bf4 f5 10. a3 h6 11. h4 a6 12. Be2 O-O-O 13. Nc3 Be7 14. Rc1 g5
15. hxg5 hxg5 16. Bxg5 Bxg5 17. Nxg5 Nh6 18. f4 Rdg8 19. Na4 Qd8 20. Nc5 
Rxg5 21. fxg5 Qxg5 22. Rc3 f4 23. Nxd7 Ng4 24. Nb6+ Kc7 25. Nxd5+ exd5 26.
 Bxg4 Kb8 27. Bh3 Ne7 28. Qg4 Qh6 29. Qxf4 Qb6 30. Rf2 Ka7 31. Qf6 Qd8 32.
 Rfc2 Nc6 33. Qxd8 Nxd8 34. Rc8 1-0

[Event "S60099 Regular Quad"]
[Site "CCLA"]
[Date "2016.02.14"]
[Round "?"]
[White "Catania, Duane"]
[Black "Parenteau, Mike"]
[Result "1-0"]
[WhiteElo "1779"]
[BlackElo "1618"]

1. e4 e6 2. d4 d5 3. e5 c5 4. c3 Nc6 5. Nf3 Bd7 6. Bd3 cxd4 7. cxd4 Qb6 8.
 O-O Nxd4 9. Nxd4 Qxd4 10. Re1 f6 11. Qh5+ Kd8 12. exf6 Nxf6 13. Qf3 h6 
14. Nc3 Be7 15. Bf4 Rf8 16. Be5 Qh4 17. Bg3 Qg4 18. Qe3 d4 19. Qe5 Rc8 20.
 Nb5 Rc5 21. Qb8+ Rc8 22. Qxb7 Ke8 23. Re5 Kf7 24. h3 1-0

[Event "S67059 Gustafson Memorial Open"]
[Site "CCLA"]
[Date "2016.11.20"]
[Round "?"]
[White "Catania, Duane"]
[Black "Gerber, David F."]
[Result "1/2-1/2"]
[WhiteElo "1779"]
[BlackElo "1738"]

1. e4 e6 2. d4 d5 3. e5 c5 4. c3 Nc6 5. Nf3 Bd7 6. Be2 Nge7 7. O-O cxd4 8.
 cxd4 Nf5 9. Nc3 h5 10. Be3 Be7 11. a3 a6 12. Bd3 Nxe3 13. fxe3 g5 14. Nd2
f6 15. exf6 Bxf6 16. Bg6+ Ke7 17. Bxh5 Qc7 18. Rxf6 Kxf6 19. Qf3+ Ke7 20. 
Rf1 Raf8 21. Qg4 Rxf1+ 22. Nxf1 Rg8 23. Qf3 Be8 24. Nxd5+ exd5 25. Qxd5 
Rg7 26. Qe4+ Ne5 27. Bxe8 Kxe8 28. dxe5 Rf7 29. Qg6 Qc4 30. Qg8+ Kd7 31. 
e6+ Kxe6 32. Qe8+ Kd6 33. Qd8+ Ke6 34. Qe8+ Kd6 35. Qd8+ Ke6 36. Qe8+ Kd6 
37. Qd8+ Ke6 1/2-1/2

[Event "S60199 Premier Quad"]
[Site "CCLA"]
[Date "2016.07.31"]
[Round "?"]
[White "Catania, Duane"]
[Black "Beavan, Robert"]
[Result "0-1"]
[WhiteElo "1779"]
[BlackElo "1970"]

1. e4 e6 2. d4 d5 3. e5 c5 4. c3 Nc6 5. Nf3 Qb6 6. Bd3 cxd4 7. cxd4 Bd7 8.
 O-O Nxd4 9. Nxd4 Qxd4 10. Nc3 a6 11. Re1 Ne7 12. Ne2 Qxe5 13. Qb3 b5 14. 
Bf4 Qf6 15. Bg3 Nc6 16. Nc3 Be7 17. Re3 g6 18. Rae1 O-O 19. Rf3 Qg7 20. 
Qd1 f5 21. Qd2 d4 22. Bf4 dxc3 23. bxc3 Bf6 24. Bh6 Bxc3 25. Qc1 Qf6 26. 
Rd1 Rf7 27. Be4 Bb2 28. Qc2 Rc8 29. Rb1 Be5 30. Bxc6 Bxc6 31. Rd3 Rfc7 32.
 Rbd1 Be4 0-1

[Event "S60199 Premier Quad"]
[Site "CCLA"]
[Date "2016.07.31"]
[Round "?"]
[White "Delgado, Emilio Salvador"]
[Black "Beavan, Robert"]
[Result "0-1"]
[WhiteElo "1637"]
[BlackElo "1970"]

1. e4 e6 2. d4 d5 3. e5 c5 4. c3 Nc6 5. Nf3 Qb6 6. Be2 cxd4 7. cxd4 Nh6 8.
 b3 Nf5 9. Bb2 Bb4+ 10. Kf1 O-O 11. Nc3 f6 12. Na4 Qd8 0-1

[Event "S60089 Premier Quad"]
[Site "CCLA"]
[Date "2016.02.12"]
[Round "?"]
[White "Haase, F. Philip"]
[Black "Catania, Duane"]
[Result "1-0"]
[WhiteElo "1959"]
[BlackElo "1779"]

1. e4 e6 2. d4 d5 3. e5 c5 4. c3 Nc6 5. Nf3 Qb6 6. Be2 cxd4 7. cxd4 Nh6 8.
 Nc3 Nf5 9. Na4 Qc7 10. O-O Bd7 11. Bf4 Qa5 12. Bd2 Qd8 13. Bf4 Be7 14. g4
Nh4 15. Nxh4 Bxh4 16. Nc5 Qb6 17. g5 Rd8 18. Rc1 Qxb2 19. Be3 O-O 20. Bd3 
g6 21. Qg4 Qxa2 22. Qxh4 Bc8 23. Ra1 Qb2 24. Rfb1 Qc3 25. Bf1 a6 26. Qf4 
b5 27. Rc1 Qb2 28. Nd3 1-0

[Event "S60211 Summer Series"]
[Site "CCLA"]
[Date "2016.07.31"]
[Round "?"]
[White "Shannon, Paul D."]
[Black "Thomas, Gerald K."]
[Result "0-1"]
[WhiteElo "1828"]
[BlackElo "1901"]

1. e4 e6 2. d4 d5 3. e5 c5 4. c3 Nc6 5. Nf3 Qb6 6. a3 f6 7. Bd3 fxe5 8. 
Nxe5 Nf6 9. O-O Bd6 10. Nxc6 Qxc6 11. Bg5 O-O 12. b4 cxd4 13. cxd4 e5 14. 
Bxf6 Rxf6 15. dxe5 Bxe5 16. Ra2 Rh6 17. g3 Qe6 18. Qf3 Bd7 19. Re2 Rf8 20.
 Qg2 Qd6 21. Rfe1 Bd4 22. Rc2 Bh3 23. Qh1 Rhf6 24. Ree2 Qe6 0-1

[Event "S60119 Premier Quad"]
[Site "CCLA"]
[Date "2016.05.09"]
[Round "?"]
[White "Shannon, Paul D."]
[Black "Vecchio, Ralph"]
[Result "1-0"]
[WhiteElo "1828"]
[BlackElo "1730"]

1. e4 e6 2. d4 d5 3. e5 c5 4. c3 Nc6 5. Nf3 Qb6 6. a3 Nh6 7. b4 cxd4 8. 
cxd4 Nf5 9. Be3 Be7 10. Bd3 O-O 11. O-O Qc7 12. Nbd2 Nxe3 13. fxe3 a6 14. 
Rc1 h6 15. Bb1 f6 16. exf6 Bxf6 17. Qc2 g5 18. Rf2 e5 19. Nxe5 Qg7 20. 
Nxc6 Bd7 21. Na5 Rac8 22. Qd1 Rxc1 23. Qxc1 Qe7 24. Qc2 Rf7 25. Qg6+ Bg7 
26. Rxf7 Qxf7 27. Qxf7+ Kxf7 28. Nxb7 Bf8 29. Nc5 Bb5 30. Ba2 1-0

[Event "S60119 Premier Quad"]
[Site "CCLA"]
[Date "2016.05.09"]
[Round "?"]
[White "Catania, Duane"]
[Black "Vecchio, Ralph"]
[Result "1-0"]
[WhiteElo "1779"]
[BlackElo "1730"]

1. e4 e6 2. d4 d5 3. e5 c5 4. c3 Nc6 5. Nf3 Qb6 6. a3 c4 7. Nbd2 f6 8. 
exf6 Nxf6 9. Be2 Bd6 10. O-O O-O 11. b3 cxb3 12. Nxb3 Ne4 13. Bd2 Qc7 14. 
Bd3 e5 15. c4 Be6 16. Qc2 Nxd4 17. Nbxd4 exd4 18. Bxe4 dxe4 19. Qxe4 Bxc4 
20. Rfc1 b5 21. Qxd4 Rad8 22. Qh4 Bc5 23. Bb4 h6 24. Rxc4 bxc4 25. Qxc4+ 
Kh8 26. Qxc5 Qxc5 27. Bxc5 Rf7 28. h3 Rc8 29. Be3 Rb7 30. Kh2 a5 31. Nd2 
Rc2 32. Ne4 Rd7 33. Bb6 Re7 34. f3 Re5 35. Rd1 Rc6 36. Bd4 Rf5 37. Rb1 Kh7
38. Rb7 Rg6 39. Ra7 Kg8 40. Bc3 Rf7 41. Rxa5 Kh7 42. Ra8 Rc7 43. a4 Rgc6 
44. Be5 Rd7 45. a5 Re7 46. Bd4 Rd7 47. Bb6 Re7 48. Ra7 Rxa7 49. Bxa7 Rc2 
50. Bb6 Kg6 51. a6 Rc6 52. a7 Rc8 53. Nc3 Kf7 54. Nb5 Ke7 55. Nc7 1-0

[Event "S67069 Gustafson Memorial Open"]
[Site "CCLA"]
[Date "2016.11.20"]
[Round "?"]
[White "Hey, Brian"]
[Black "Siegfried, Will"]
[Result "1/2-1/2"]
[WhiteElo "1668"]
[BlackElo "1728"]

1. e4 e6 2. d4 d5 3. Nd2 Be7 4. Bd3 c5 5. dxc5 Nf6 6. Qe2 O-O 7. Ngf3 a5 
8. O-O Na6 9. e5 Nd7 10. c3 Naxc5 11. Bc2 b6 12. Re1 f6 13. exf6 Bxf6 14. 
Nb3 Ba6 15. Qe3 e5 16. Nxc5 bxc5 17. Ng5 Bxg5 18. Qxg5 Qxg5 19. Bxg5 h6 
20. Be7 Rf7 21. Bd6 e4 22. Bd1 Rc8 23. Be2 Rc6 24. Bg3 Nf6 25. Bxa6 Rxa6 
26. Rad1 Rd7 27. Re3 Re6 28. f3 d4 29. cxd4 cxd4 30. Ree1 e3 31. Rd3 Kf7 
32. h3 Ke7 33. Bh2 g5 34. g4 1/2-1/2

[Event "S60269 Regular Quad"]
[Site "CCLA"]
[Date "2016.08.12"]
[Round "?"]
[White "Berger, Byron"]
[Black "Acosta, Errol"]
[Result "1-0"]
[WhiteElo "1489"]
[BlackElo "1490"]

1. Nc3 e6 2. d4 d5 3. e4 Nf6 4. e5 Ne4 5. Nxe4 dxe4 6. Be3 Nc6 7. Ne2 Be7 
8. Ng3 O-O 9. Nxe4 h6 10. Qg4 Kh7 11. Bxh6 gxh6 12. Bd3 f5 13. exf6 Bxf6 
14. Nxf6+ Kh8 15. Qg6 1-0

[Event "S60019 Regular Quad"]
[Site "CCLA"]
[Date "2016.01.27"]
[Round "?"]
[White "Smiley, William R."]
[Black "Acosta, Errol"]
[Result "1-0"]
[WhiteElo "1563"]
[BlackElo "1490"]

1. e4 e6 2. d4 d5 3. Nc3 Nf6 4. e5 Ne4 5. Nxe4 Nd7 6. Ng3 c5 7. c3 Qc7 8. 
Bb5 cxd4 9. Bxd7+ Bxd7 10. cxd4 Be7 11. N1e2 O-O 12. O-O Rac8 13. Be3 f6 
14. f4 f5 15. a3 Qb6 16. b4 Bb5 17. Qd2 Bh4 18. Rac1 Bc4 19. Rc3 Bxg3 20. 
hxg3 h5 21. Rfc1 Qd8 22. Kf2 h4 23. gxh4 Qxh4+ 24. Ng3 Kf7 25. Rh1 Qg4 26.
 Rcc1 b5 27. Qd1 Qxd1 28. Rcxd1 Rg8 29. Ne2 Rc7 30. Nc1 a6 31. Nd3 Rgc8 
32. Nc5 Rc6 33. g4 fxg4 34. Rdg1 Kg8 35. Rxg4 Kf7 36. Nb7 Rg8 37. Nd6+ Ke7
38. Rhg1 Kf8 39. Rg6 Rc7 40. Rxe6 1-0

[Event "S60041 Winter Series"]
[Site "CCLA"]
[Date "2016.01.28"]
[Round "?"]
[White "Stevens, Daniel L."]
[Black "Catania, Duane"]
[Result "0-1"]
[WhiteElo "1743"]
[BlackElo "1779"]

1. e4 e6 2. d4 d5 3. Nd2 Nf6 4. e5 Nfd7 5. f4 c5 6. Ngf3 Nc6 7. c3 Be7 8. 
Be2 O-O 9. O-O Qb6 10. Nb3 f6 11. Kh1 a5 12. dxc5 Qc7 13. Nbd4 Nxc5 14. 
Nb5 Qd8 15. exf6 Bxf6 16. Be3 Ne4 17. Bd3 Bd7 18. Qc2 Ne7 19. Nbd4 Nf5 20.
 Bg1 Qe8 21. Bxe4 dxe4 22. Qxe4 Nd6 23. Qc2 Qh5 24. Rfe1 Bxd4 25. Bxd4 Nf5
26. Be5 Bc6 27. Qf2 Bxf3 28. gxf3 Rad8 29. Rad1 g6 30. Bc7 Rxd1 31. Rxd1 
a4 32. Qe2 Ng3+ 0-1

[Event "S60119 Premier Quad"]
[Site "CCLA"]
[Date "2016.05.09"]
[Round "?"]
[White "Vecchio, Ralph"]
[Black "Catania, Duane"]
[Result "1/2-1/2"]
[WhiteElo "1730"]
[BlackElo "1779"]

1. e4 e6 2. d4 d5 3. Nd2 Nf6 4. e5 Nfd7 5. f4 c5 6. c3 Nc6 7. Ndf3 cxd4 8.
 cxd4 Bb4+ 9. Bd2 Qa5 10. Bd3 Bxd2+ 11. Qxd2 Qxd2+ 12. Kxd2 O-O 13. Rc1 f6
14. exf6 Nxf6 15. Ng5 Nxd4 16. N1h3 h6 17. Nf3 Nxf3+ 18. gxf3 Nh5 19. Rhg1
Nxf4 20. Rc7 Nh5 21. Bg6 Nf6 22. Nf4 Bd7 23. Rxb7 Rab8 24. Rxa7 Rxb2+ 25. 
Bc2 Rc8 26. Rc1 Rbb8 27. Ng6 Rd8 28. Ne7+ Kf8 29. Ng6+ Kg8 30. Ne7+ Kf8 
31. Ng6+ Ke8 1/2-1/2

[Event "S60269 Regular Quad"]
[Site "CCLA"]
[Date "2016.08.12"]
[Round "?"]
[White "Hey, Brian"]
[Black "Acosta, Errol"]
[Result "1-0"]
[WhiteElo "1687"]
[BlackElo "1490"]

1. e4 e6 2. d4 d5 3. Nd2 Nf6 4. e5 Nfd7 5. Bd3 c5 6. c3 Nc6 7. Ne2 f6 8. 
Nf4 Be7 9. Qh5+ g6 10. Bxg6+ hxg6 11. Qxg6+ Kf8 12. Nxe6# 1-0

[Event "S67099 Gustafson Memorial Open"]
[Site "CCLA"]
[Date "2016.11.20"]
[Round "?"]
[White "Perry, William E."]
[Black "Acosta, Errol"]
[Result "1-0"]
[WhiteElo "1465"]
[BlackElo "1462"]

1. e4 e6 2. d4 d5 3. Nd2 Nf6 4. e5 Nfd7 5. Bd3 c5 6. c3 cxd4 7. cxd4 Nc6 
8. Ne2 Bb4 9. O-O O-O 10. Nf3 f6 11. Nf4 fxe5 12. Nxe6 Qf6 13. Nxf8 Nxf8 
14. dxe5 Nxe5 15. Nxe5 Qxe5 16. Be3 Bf5 17. Bxf5 Qxf5 18. Qb3 Bd6 19. Rfd1
Kh8 20. Qxd5 Qxd5 21. Rxd5 1-0